000 00975cam a22002532 4500
001 18870
003 BD-RjUL
005 20211209000340.0
008 140222s1966 ru ac b 000 0 eng
035 _a(BD-RjUL)18928
040 _aDLC
_cDLC
_dOCL
_dEQO
_dBD-RjUL
_beng
041 1 _aengrus
082 0 0 _a822.33
_bSAS
100 1 _aSamarin, R. M.
_q(Roman Mikhaĭlovich),
_d1911-
_958188
245 1 0 _aShakespeare in the Soviet Union :
_ba collection of articles /
_cCompiled by Roman Samarin and Alexander Nikolyukin. Translated from the Russian by Avril Pyman.
260 _aMoscow :
_bProgress Publishers,
_c1966.
300 _a274 [1] p. :
_bili. ;
_c21 cm.
600 1 0 _aShakespeare, William,
_d1564-1616
_xCriticism and interpretation.
_993305
600 1 0 _aShakespeare, William,
_d1564-1616
_xAppreciation
_zSoviet Union.
_958190
700 1 _aNikoli͡ukin, A. N.
_q(Aleksandr Nikolaevich)
_958191
942 _2ddc
_cBK
999 _c18870
_d18870